MARC

LEADER 00000naa0a2200000 4500
001 661930
005 20250812100037.0
035 |a (RuTPU)RU\TPU\network\33017 
035 |a RU\TPU\network\31214 
090 |a 661930 
100 |a 20200323d2019 k||y0engy50 ba 
101 0 |a eng 
102 |a RU 
135 |a drcn ---uucaa 
181 0 |a i  
182 0 |a b 
200 1 |a Synthesis of ultra dispersed graphite-like materials in dc arc discharge plasma  |f Yu. Z. Vasiljeva (Vassilyeva), A. Ya. Pak 
203 |a Text  |c electronic 
300 |a Title screen 
320 |a [References: p. 146 (4 tit.)] 
463 |t Mendeleev 2019  |o book of Abstractd of XI International Conference on Chemistry for Young Scientists, Saint Petersburg, September 9-13, 2019  |v [P. 146]  |d 2019 
610 1 |a электронный ресурс 
610 1 |a труды учёных ТПУ 
610 1 |a графитоподобные наноструктуры 
610 1 |a ультрадисперсные материалы 
700 1 |a Vasiljeva (Vassilyeva)  |b Yu. Z.  |c specialist in the field of electric power engineering  |c Researcher, Associate Professor of Tomsk Polytechnic University, Candidate of Technical Sciences  |f 1995-  |g Yuliya Zakharovna  |3 (RuTPU)RU\TPU\pers\46740  |9 22376 
701 1 |a Pak  |b A. Ya.  |c specialist in the field of electrical engineering  |c Professor of Tomsk Polytechnic University, Doctor of Technical Sciences  |f 1986-  |g Aleksandr Yakovlevich  |3 (RuTPU)RU\TPU\pers\34120  |9 17660 
712 0 2 |a Национальный исследовательский Томский политехнический университет  |b Инженерная школа информационных технологий и робототехники  |c (2017- )  |3 (RuTPU)RU\TPU\col\23514 
801 2 |a RU  |b 63413507  |c 20210409  |g RCR 
856 4 |u http://mendeleev.spbu.ru/wp-content/uploads/2020/01/Mendeleev_2019_Book_of___abstracts.pdf#page=146 
942 |c CF